[Event "CAN-op"]
[Site "Sackville CAN"]
[Date "2001.07.12"]
[Round "7"]
[White "Carayanniotis, Jason"]
[Black "Campbell, Jamie"]
[Result "0-1"]
[WhiteElo "1454"]
[BlackElo "1547"]
[PlyCount "52"]
[GameId "2160767911564208"]
[EventDate "2001.07.07"]
[EventType "swiss"]
[EventRounds "10"]
[EventCountry "CAN"]
[SourceTitle "EXT 2006"]
[Source "ChessBase"]
[SourceDate "2005.11.24"]
[SourceVersion "1"]
[SourceVersionDate "2005.11.24"]
[SourceQuality "1"]

1. d4 Nf6 2. Bf4 b6 3. e3 Ba6 4. Bxa6 Nxa6 5. h3 e6 6. Nf3 g6 7. Nbd2 Bg7 8. c3 O-O 9. Qc2 c5 10. h4 cxd4 11. exd4 Nc7 12. O-O-O Ncd5 13. Bg5 Qc7 14. a3 Rac8 15. c4 b5 16. b3 bxc4 17. bxc4 Qa5 18. Rdg1 Qxa3+ 19. Kd1 Nb4 20. Qc1 Qxc1+ 21. Kxc1 Nd3+ 22. Kc2 Nxf2 23. Rh2 N6g4 24. Kc3 Nxh2 25. Nxh2 d5 26. c5 e5 0-1

[Event "CAN-op"]
[Site "Sackville CAN"]
[Date "2001.07.12"]
[Round "7"]
[White "Chevalier, Francois"]
[Black "Faust, Steven"]
[Result "1/2-1/2"]
[WhiteElo "1671"]
[BlackElo "1839"]
[PlyCount "141"]
[GameId "2160767911564209"]
[EventDate "2001.07.07"]
[EventType "swiss"]
[EventRounds "10"]
[EventCountry "CAN"]
[SourceTitle "EXT 2006"]
[Source "ChessBase"]
[SourceDate "2005.11.24"]
[SourceVersion "1"]
[SourceVersionDate "2005.11.24"]
[SourceQuality "1"]

1. e4 e6 2. d4 d5 3. exd5 exd5 4. c4 c6 5. Nc3 Nf6 6. Nf3 Be7 7. Be3 O-O 8. Be2 Ne4 9. O-O Be6 10. cxd5 cxd5 11. Bf4 a6 12. Bd3 Nc6 13. Rc1 Nf6 14. h3 Re8 15. Rb1 g6 16. a3 Bf8 17. Qd2 Nh5 18. Bh2 Bg7 19. Rfe1 Na5 20. Rbd1 Nc4 21. Qc1 b5 22. b3 Nd6 23. Ne5 Rc8 24. Qb2 Qb6 25. Na2 Nf6 26. f3 Nd7 27. Nxd7 Bxd7 28. Rxe8+ Rxe8 29. Bg3 Nf5 30. Bxf5 Bxf5 31. Qd2 h5 32. Bf2 Rc8 33. Rc1 Rxc1+ 34. Nxc1 Qc6 35. Ne2 Kh7 36. Bg3 Qc2 37. Qxc2 Bxc2 38. b4 Bd3 39. Nf4 Bxd4+ 40. Bf2 Bxf2+ 41. Kxf2 Bc4 42. g4 hxg4 43. hxg4 g5 44. Nh5 Kg6 45. Ng3 Kf6 46. Nf5 Ke5 47. Ke3 Ba2 48. Nd4 Bb1 49. Nc6+ Kd6 50. Nd4 f6 51. Nb3 Bc2 52. Nd4 Bg6 53. Ne2 Bc2 54. Nd4 Bd1 55. Nf5+ Ke5 56. Nd4 Ba4 57. Nc6+ Kd6 58. Nd4 Kd7 59. Nf5 Bc2 60. Nd4 Bg6 61. Ne2 f5 62. gxf5 Bxf5 63. Nd4 Be6 64. Ne2 Kd6 65. Nd4 Ke5 66. Nc6+ Kf6 67. Nd4 Bd7 68. Ne2 Bc8 69. Nd4 Bb7 70. Ne2 Kg6 71. Nd4 1/2-1/2

[Event "CAN-op"]
[Site "Sackville CAN"]
[Date "2001.07.12"]
[Round "7"]
[White "Chow, Vincent"]
[Black "Fischdick, Gisela"]
[Result "1/2-1/2"]
[WhiteElo "2084"]
[BlackElo "2251"]
[PlyCount "64"]
[GameId "2160767911564210"]
[EventDate "2001.07.07"]
[EventType "swiss"]
[EventRounds "10"]
[EventCountry "CAN"]
[SourceTitle "EXT 2006"]
[Source "ChessBase"]
[SourceDate "2005.11.24"]
[SourceVersion "1"]
[SourceVersionDate "2005.11.24"]
[SourceQuality "1"]

1. d4 d5 2. c4 c6 3. Nc3 Nf6 4. Nf3 a6 5. cxd5 cxd5 6. Bf4 Nc6 7. e3 Bg4 8. h3 Bxf3 9. gxf3 e6 10. Bd3 Bd6 11. Bxd6 Qxd6 12. Qe2 O-O 13. f4 b5 14. Rg1 Rfc8 15. h4 Rc7 16. Rd1 Rac8 17. f3 Na5 18. Qg2 Ne8 19. Qg5 Nc4 20. Bxc4 Rxc4 21. Rd2 b4 22. Ne2 Rc2 23. Qe5 Qc6 24. e4 Rxd2 25. Kxd2 f6 26. Qh5 dxe4 27. Rc1 e3+ 28. Kxe3 Qd7 29. Rxc8 Qxc8 30. Qc5 Qb7 31. f5 exf5 32. Qxf5 Qf7 1/2-1/2

[Event "CAN-op"]
[Site "Sackville CAN"]
[Date "2001.07.12"]
[Round "7"]
[White "Davies, Noam"]
[Black "Spencer, David"]
[Result "1-0"]
[WhiteElo "1619"]
[BlackElo "1546"]
[PlyCount "37"]
[GameId "2160767911564212"]
[EventDate "2001.07.07"]
[EventType "swiss"]
[EventRounds "10"]
[EventCountry "CAN"]
[SourceTitle "EXT 2006"]
[Source "ChessBase"]
[SourceDate "2005.11.24"]
[SourceVersion "1"]
[SourceVersionDate "2005.11.24"]
[SourceQuality "1"]

1. e4 e5 2. Nf3 Nf6 3. Nxe5 d6 4. Nf3 Nxe4 5. d4 d5 6. Bd3 Bd6 7. O-O O-O 8. c4 c6 9. Qc2 f5 10. cxd5 cxd5 11. Nc3 Nxc3 12. bxc3 Qc7 13. Qb3 Be6 14. Ng5 Rf6 15. Nxe6 Rxe6 16. Qxd5 Bxh2+ 17. Kh1 Qf7 18. Bc4 Qf6 19. Qxe6+ 1-0

[Event "CAN-op"]
[Site "Sackville CAN"]
[Date "2001.07.12"]
[Round "7"]
[White "Demmery, Steve"]
[Black "Lipnowski, Irwin"]
[Result "1/2-1/2"]
[WhiteElo "2125"]
[BlackElo "2340"]
[PlyCount "36"]
[GameId "2160767911564213"]
[EventDate "2001.07.07"]
[EventType "swiss"]
[EventRounds "10"]
[EventCountry "CAN"]

1. d4 Nf6 2. Nf3 c5 3. g3 cxd4 4. Nxd4 e5 5. Nf3 Nc6 6. Bg2 d5 7. O-O e4 8. Nd4 Bc5 9. Nb3 Bb6 10. Na3 O-O 11. c3 e3 12. Bxe3 Bxe3 13. fxe3 Qe7 14. Nc2 Bg4 15. Nbd4 Ne5 16. Nf5 Bxf5 17. Rxf5 Rfe8 18. Qd4 Nc4 1/2-1/2

[Event "CAN-op"]
[Site "Sackville CAN"]
[Date "2001.07.12"]
[Round "7"]
[White "Gaspariants, Vladimir"]
[Black "Stevens, Christian"]
[Result "1/2-1/2"]
[WhiteElo "2299"]
[BlackElo "2048"]
[PlyCount "75"]
[GameId "2160767911564214"]
[EventDate "2001.07.07"]
[EventType "swiss"]
[EventRounds "10"]
[EventCountry "CAN"]
[SourceTitle "EXT 2006"]
[Source "ChessBase"]
[SourceDate "2005.11.24"]
[SourceVersion "1"]
[SourceVersionDate "2005.11.24"]
[SourceQuality "1"]

1. e4 e5 2. Nf3 Nc6 3. Bb5 a6 4. Ba4 Nf6 5. Qe2 b5 6. Bb3 Bc5 7. d3 h6 8. c3 d6 9. h3 Be6 10. Nbd2 O-O 11. Nf1 d5 12. Ng3 d4 13. O-O Qd7 14. Bxe6 fxe6 15. c4 bxc4 16. dxc4 d3 17. Qd1 Qd6 18. Be3 Bxe3 19. fxe3 Nb4 20. Qd2 Nc2 21. Rac1 Rad8 22. Ne1 Qb4 23. Qxb4 Nxb4 24. Rd1 d2 25. Nf3 Nc2 26. Rxd2 Rxd2 27. Nxd2 Nxe3 28. Rf3 Rd8 29. Rxe3 Rxd2 30. Ra3 h5 31. h4 Ng4 32. Nf1 Rxb2 33. Rxa6 Rb1 34. Ra3 Rc1 35. g3 Rxc4 36. Ra7 Rc1 37. Kg2 Rc2+ 38. Kg1 1/2-1/2

[Event "CAN-op"]
[Site "Sackville CAN"]
[Date "2001.07.12"]
[Round "7"]
[White "Gillanders, Robert"]
[Black "McCusky, Louis"]
[Result "1-0"]
[WhiteElo "1813"]
[BlackElo "1547"]
[PlyCount "131"]
[GameId "2160767911564216"]
[EventDate "2001.07.07"]
[EventType "swiss"]
[EventRounds "10"]
[EventCountry "CAN"]
[SourceTitle "EXT 2006"]
[Source "ChessBase"]
[SourceDate "2005.11.24"]
[SourceVersion "1"]
[SourceVersionDate "2005.11.24"]
[SourceQuality "1"]

1. d4 Nf6 2. c4 e6 3. Nc3 d5 4. Bf4 b6 5. e3 c6 6. Nf3 Be7 7. Rc1 O-O 8. Bd3 Na6 9. Ne5 Bb7 10. O-O Rc8 11. a3 c5 12. Nb5 cxd4 13. exd4 dxc4 14. Bxc4 Bd5 15. Nxa7 Bxc4 16. Nxc4 Rxc4 17. Rxc4 Nd5 18. Nc6 Qa8 19. Nxe7+ Nxe7 20. Bd6 Re8 21. Bxe7 Rxe7 22. Qc2 Re8 23. Rc1 Kf8 24. b4 g6 25. b5 Nb8 26. Qc3 Nd7 27. Qb4+ Kg8 28. a4 Nf6 29. f3 Nd5 30. Qd2 Kg7 31. Re1 Qa7 32. Qg5 Qa5 33. Qc1 Nb4 34. Qc3 Nd5 35. Qxa5 bxa5 36. Rc6 Nb4 37. Rc7 Nd3 38. Rb1 Nb4 39. Ra7 Rd8 40. Rd1 Na2 41. Rxa5 Nc3 42. Rd3 Ne2+ 43. Kf2 Nf4 44. Rd1 Nd5 45. Ra7 Rc8 46. Rd2 Rc1 47. g3 Rb1 48. Ke2 Nc3+ 49. Kd3 Nxb5 50. axb5 Rxb5 51. Rc2 Rb8 52. Rcc7 Rf8 53. g4 h6 54. Kc4 Kf6 55. f4 Kg7 56. Kc5 Kg8 57. Kc6 Kg7 58. h4 Kf6 59. Kd6 Rd8+ 60. Rd7 Rf8 61. g5+ hxg5 62. hxg5+ Kg7 63. Ke5 Kh8 64. Rxf7 Rb8 65. Kf6 Kg8 66. Rg7+ 1-0

[Event "CAN-op"]
[Site "Sackville CAN"]
[Date "2001.07.12"]
[Round "7"]
[White "Godin, Robert"]
[Black "Tuason, Alfred"]
[Result "1-0"]
[WhiteElo "1343"]
[BlackElo "1596"]
[PlyCount "43"]
[GameId "2160767911564217"]
[EventDate "2001.07.07"]
[EventType "swiss"]
[EventRounds "10"]
[EventCountry "CAN"]
[SourceTitle "EXT 2006"]
[Source "ChessBase"]
[SourceDate "2005.11.24"]
[SourceVersion "1"]
[SourceVersionDate "2005.11.24"]
[SourceQuality "1"]

1. e4 g6 2. c3 Bg7 3. d4 d6 4. Nf3 Nf6 5. Bd3 O-O 6. O-O Bg4 7. h3 Bd7 8. Bf4 a6 9. Re1 Re8 10. Bh2 Nc6 11. e5 dxe5 12. Nxe5 Nxe5 13. Bxe5 Qc8 14. Kh2 c6 15. Nd2 Nd5 16. Bxg7 Kxg7 17. Nc4 b5 18. Ne5 Qb8 19. Kh1 f6 20. Nxd7 Qd6 21. Nc5 Qf4 22. Ne6+ 1-0

[Event "CAN-op"]
[Site "Sackville CAN"]
[Date "2001.07.12"]
[Round "7"]
[White "Goldenberg, Danny"]
[Black "Bowerman, Robert"]
[Result "1-0"]
[WhiteElo "2322"]
[BlackElo "2072"]
[PlyCount "61"]
[GameId "2160767911564218"]
[EventDate "2001.07.07"]
[EventType "swiss"]
[EventRounds "10"]
[EventCountry "CAN"]
[SourceTitle "EXT 2006"]
[Source "ChessBase"]
[SourceDate "2005.11.24"]
[SourceVersion "1"]
[SourceVersionDate "2005.11.24"]
[SourceQuality "1"]

1. e4 e6 2. d4 d5 3. Nd2 dxe4 4. Nxe4 Nd7 5. Bd3 Ngf6 6. Nxf6+ Nxf6 7. Nf3 c5 8. dxc5 Bxc5 9. Qe2 O-O 10. Bg5 h6 11. Bh4 Qa5+ 12. c3 Nd5 13. Qd2 Be7 14. Bxe7 Nxe7 15. O-O Nc6 16. Rfe1 Rd8 17. Qe2 Bd7 18. Qe4 g6 19. Qf4 Kg7 20. b4 Qb6 21. h4 Be8 22. Rad1 Rac8 23. h5 Qc7 24. Qg4 f5 25. Qh4 e5 26. b5 Na5 27. Rxe5 g5 28. Qb4 Qxc3 29. Qe7+ Kg8 30. Bc4+ Nxc4 31. Rxd8 1-0

[Event "CAN-op"]
[Site "Sackville CAN"]
[Date "2001.07.12"]
[Round "7"]
[White "Gregorz, Ralph"]
[Black "Fleury, Bruce"]
[Result "1-0"]
[WhiteElo "2050"]
[BlackElo "1669"]
[PlyCount "129"]
[GameId "2160767911564220"]
[EventDate "2001.07.07"]
[EventType "swiss"]
[EventRounds "10"]
[EventCountry "CAN"]
[SourceTitle "EXT 2006"]
[Source "ChessBase"]
[SourceDate "2005.11.24"]
[SourceVersion "1"]
[SourceVersionDate "2005.11.24"]
[SourceQuality "1"]

1. c4 e5 2. Nc3 f5 3. d4 exd4 4. Qxd4 Nc6 5. Qd1 Nf6 6. Nf3 d6 7. e3 Bd7 8. Be2 Be7 9. O-O O-O 10. b3 Ne5 11. Bb2 Ng6 12. Nd5 Kh8 13. g3 c6 14. Nxf6 Bxf6 15. Bxf6 Qxf6 16. Qd4 Qxd4 17. Nxd4 Rae8 18. Bh5 Re7 19. Bxg6 hxg6 20. Nf3 d5 21. cxd5 cxd5 22. Rfd1 Bc6 23. Ng5 Kg8 24. Rac1 Rd8 25. Rd4 Kf8 26. Rh4 Ke8 27. Rh8+ Kd7 28. Rxd8+ Kxd8 29. Nf3 Kd7 30. Nd4 Kd6 31. h4 a6 32. Kg2 Rc7 33. Kf3 Ke5 34. Rc3 Rc8 35. Ke2 Bd7 36. Rxc8 Bxc8 37. Kd3 Bd7 38. Nf3+ Kd6 39. Kd4 b6 40. Ne5 Be8 41. b4 Ke6 42. Nd3 Bc6 43. Nf4+ Kf7 44. a3 Bb7 45. Nxd5 b5 46. Nf4 Kf6 47. Nd3 g5 48. hxg5+ Kxg5 49. Nc5 Bc8 50. f3 Kf6 51. e4 fxe4 52. fxe4 g5 53. Kd5 Bg4 54. Nxa6 Be2 55. Nc7 Kg6 56. Ke5 Kh5 57. Kf5 Bg4+ 58. Kf6 Bd7 59. e5 Kg4 60. e6 Bc6 61. e7 Kxg3 62. Kxg5 Kf3 63. Kf5 Ke3 64. Ke5 Kd3 65. Kd6 1-0

[Event "CAN-op"]
[Site "Sackville CAN"]
[Date "2001.07.12"]
[Round "7"]
[White "Johnson, Kyle"]
[Black "Kenney, Jason"]
[Result "0-1"]
[WhiteElo "1628"]
[BlackElo "2077"]
[PlyCount "56"]
[GameId "2160767911564221"]
[EventDate "2001.07.07"]
[EventType "swiss"]
[EventRounds "10"]
[EventCountry "CAN"]
[SourceTitle "EXT 2006"]
[Source "ChessBase"]
[SourceDate "2005.11.24"]
[SourceVersion "1"]
[SourceVersionDate "2005.11.24"]
[SourceQuality "1"]

1. d4 Nf6 2. c4 c5 3. d5 b5 4. e3 Bb7 5. Nf3 g6 6. Nc3 b4 7. Nb5 a6 8. Qa4 axb5 9. Qxb5 Qc7 10. b3 Ra5 11. Qxa5 Qxa5 12. Bb2 Bg7 13. Bd3 O-O 14. O-O d6 15. e4 Nbd7 16. Rfe1 Ng4 17. Bxg7 Kxg7 18. Nd2 Qa3 19. Reb1 e6 20. h3 Ngf6 21. f4 exd5 22. cxd5 Re8 23. Nc4 Qa7 24. Re1 Ba6 25. Nxd6 c4+ 26. Kh1 cxd3 27. Nxe8+ Nxe8 28. Rad1 Qd4 0-1

[Event "CAN-op"]
[Site "Sackville CAN"]
[Date "2001.07.12"]
[Round "7"]
[White "Josephs, Steven"]
[Black "Vera, Jesus"]
[Result "1-0"]
[WhiteElo "1913"]
[BlackElo "1457"]
[PlyCount "49"]
[GameId "2160767911564222"]
[EventDate "2001.07.07"]
[EventType "swiss"]
[EventRounds "10"]
[EventCountry "CAN"]
[SourceTitle "EXT 2006"]
[Source "ChessBase"]
[SourceDate "2005.11.24"]
[SourceVersion "1"]
[SourceVersionDate "2005.11.24"]
[SourceQuality "1"]

1. e4 c5 2. Nf3 Nc6 3. Bc4 e6 4. O-O g6 5. c3 Bg7 6. d3 a6 7. a4 Nge7 8. Re1 O-O 9. Bg5 Qc7 10. Nbd2 f6 11. Be3 b6 12. Nf1 f5 13. exf5 Nxf5 14. Bg5 Bb7 15. Qd2 Rf7 16. Bf4 Qc8 17. Ne3 Nh4 18. Ng5 Rxf4 19. Nd5 Rf8 20. Nxb6 Qd8 21. Nxd7 Bf6 22. Nxe6 Qc8 23. Nexf8+ Kh8 24. Qh6 Ne5 25. Qxh7# 1-0

[Event "CAN-op"]
[Site "Sackville CAN"]
[Date "2001.07.12"]
[Round "7"]
[White "Lambert, Pierre Henry"]
[Black "MacDonald, Jonathan"]
[Result "0-1"]
[WhiteElo "1834"]
[BlackElo "2150"]
[PlyCount "108"]
[GameId "2160767911564223"]
[EventDate "2001.07.07"]
[EventType "swiss"]
[EventRounds "10"]
[EventCountry "CAN"]
[SourceTitle "EXT 2006"]
[Source "ChessBase"]
[SourceDate "2005.11.24"]
[SourceVersion "1"]
[SourceVersionDate "2005.11.24"]
[SourceQuality "1"]

1. e4 c5 2. Nf3 e6 3. d4 cxd4 4. Nxd4 Nf6 5. Bg5 Nc6 6. c3 Qb6 7. Bxf6 gxf6 8. Nb3 d6 9. N1d2 Bd7 10. Qf3 Be7 11. Nc4 Qc7 12. Be2 h5 13. Qe3 b5 14. Ncd2 Ne5 15. h3 a5 16. Nd4 Rb8 17. b3 Qb6 18. N2f3 Rc8 19. Rc1 b4 20. c4 Bf8 21. Nc2 Qc7 22. Qd4 Ke7 23. Ne3 Bh6 24. Rd1 Qc5 25. Qxc5 dxc5 26. Nxe5 fxe5 27. Rd3 Bc6 28. Bf3 f5 29. Rd1 fxe4 30. Be2 a4 31. O-O Rcg8 32. Kh1 Bxe3 33. fxe3 Rg3 34. Rf2 Rxe3 35. Rdf1 Be8 36. Bd1 axb3 37. axb3 Rd3 38. Re2 e3 39. Rfe1 Bc6 40. Rxe3 e4 41. Bc2 Rxe3 42. Rxe3 Rd8 43. Re2 Kf6 44. Kg1 Ke5 45. Kf2 h4 46. Ke3 Rg8 47. Kf2 Kf4 48. Bd1 e3+ 49. Kf1 Ra8 50. Re1 Ra1 51. Kg1 e2 52. Rxe2 Rxd1+ 53. Kf2 e5 54. Ra2 Rb1 0-1

[Event "CAN-op"]
[Site "Sackville CAN"]
[Date "2001.07.12"]
[Round "7"]
[White "Lawson, Jonathan"]
[Black "Hill, Roderick"]
[Result "0-1"]
[WhiteElo "1528"]
[BlackElo "1799"]
[PlyCount "104"]
[GameId "2160767911564224"]
[EventDate "2001.07.07"]
[EventType "swiss"]
[EventRounds "10"]
[EventCountry "CAN"]

1. e4 Nc6 2. d4 e5 3. dxe5 Nxe5 4. Nf3 Qf6 5. Nxe5 Qxe5 6. Nc3 Bb4 7. Bd2 Bxc3 8. Bxc3 Qxe4+ 9. Qe2 Qxe2+ 10. Bxe2 f6 11. O-O-O Ne7 12. Rhe1 d6 13. Bh5+ Kd8 14. Ba5 b6 15. Bf3 Rb8 16. Bb4 Bd7 17. Rxd6 cxd6 18. Bxd6 Rc8 19. Bxe7+ Kc7 20. Re3 Bc6 21. Bg4 Rce8 22. b4 a6 23. c4 Bxg2 24. b5 a5 25. f3 h5 26. Bf5 Bxf3 27. Bg6 Bg4 28. Bxe8 Rxe8 29. Bd6+ Kd7 30. Rxe8 Kxe8 31. Bc7 Be2 32. Bxb6 Bxc4 33. Bxa5 Bxb5 34. Kb2 g5 35. Kb3 Kd7 36. a4 Ba6 37. Kb4 Kd6 38. Bd8 Ke5 39. Ka5 Bd3 40. Kb6 g4 41. Bc7+ Ke4 42. a5 Kf3 43. a6 f5 44. a7 Be4 45. Kc5 f4 46. Kd4 Ba8 47. Ke5 g3 48. hxg3 fxg3 49. Bb6 h4 50. Kd6 h3 51. Kc7 h2 52. Kb8 Be4 0-1

[Event "CAN-op"]
[Site "Sackville CAN"]
[Date "2001.07.12"]
[Round "7"]
[White "Lipnowski, Michael"]
[Black "Laforest, Gilles"]
[Result "1-0"]
[WhiteElo "1767"]
[BlackElo "1488"]
[PlyCount "43"]
[GameId "2160767911564225"]
[EventDate "2001.07.07"]
[EventType "swiss"]
[EventRounds "10"]
[EventCountry "CAN"]
[SourceTitle "EXT 2006"]
[Source "ChessBase"]
[SourceDate "2005.11.24"]
[SourceVersion "1"]
[SourceVersionDate "2005.11.24"]
[SourceQuality "1"]

1. d4 Nf6 2. c4 g6 3. Nc3 d5 4. cxd5 Nxd5 5. e4 Nxc3 6. bxc3 Bg7 7. Nf3 c5 8. Be3 Bg4 9. Bc4 Bxf3 10. gxf3 O-O 11. Qd2 Qa5 12. Rb1 cxd4 13. cxd4 Qxd2+ 14. Kxd2 Nc6 15. Rxb7 Na5 16. Rc7 Nxc4+ 17. Rxc4 Rfb8 18. Rhc1 Rb7 19. Rc8+ Rxc8 20. Rxc8+ Bf8 21. Bh6 Rb2+ 22. Kc1 1-0

[Event "CAN-op"]
[Site "Sackville CAN"]
[Date "2001.07.12"]
[Round "7"]
[White "Lipnowski, Samuel"]
[Black "Kirby, Patrick"]
[Result "1/2-1/2"]
[WhiteElo "2080"]
[BlackElo "2228"]
[PlyCount "27"]
[GameId "2160767911564226"]
[EventDate "2001.07.07"]
[EventType "swiss"]
[EventRounds "10"]
[EventCountry "CAN"]
[SourceTitle "EXT 2006"]
[Source "ChessBase"]
[SourceDate "2005.11.24"]
[SourceVersion "1"]
[SourceVersionDate "2005.11.24"]
[SourceQuality "1"]

1. d4 Nf6 2. c4 e6 3. Nf3 d5 4. cxd5 exd5 5. Nc3 c6 6. Bg5 Bf5 7. e3 Be7 8. Bd3 Bxd3 9. Qxd3 Nbd7 10. O-O O-O 11. Rfc1 Re8 12. Rab1 a5 13. Nd2 Bd6 14. Nf3 1/2-1/2

[Event "CAN-op"]
[Site "Sackville CAN"]
[Date "2001.07.12"]
[Round "7"]
[White "Litt, Mathew"]
[Black "Hutchison, Jason"]
[Result "1-0"]
[WhiteElo "1134"]
[BlackElo "802"]
[PlyCount "47"]
[GameId "2160767911564227"]
[EventDate "2001.07.07"]
[EventType "swiss"]
[EventRounds "10"]
[EventCountry "CAN"]
[SourceTitle "EXT 2006"]
[Source "ChessBase"]
[SourceDate "2005.11.24"]
[SourceVersion "1"]
[SourceVersionDate "2005.11.24"]
[SourceQuality "1"]

1. d4 d5 2. c4 dxc4 3. e4 f5 4. Nc3 Nf6 5. Bxc4 fxe4 6. f3 Nc6 7. fxe4 Qxd4 8. Qe2 Bg4 9. Nf3 Bxf3 10. gxf3 Ne5 11. Be3 Qxc4 12. Qxc4 Nxc4 13. Bg5 h6 14. b3 hxg5 15. bxc4 g4 16. Rf1 Rxh2 17. e5 Nd7 18. fxg4 Nxe5 19. Nd5 O-O-O 20. g5 Nxc4 21. Nf4 Rd4 22. Ne2 Re4 23. O-O-O Rexe2 24. Rxf8# 1-0

[Event "CAN-op"]
[Site "Sackville CAN"]
[Date "2001.07.12"]
[Round "7"]
[White "Livingstone, James"]
[Black "Kekely, John"]
[Result "0-1"]
[WhiteElo "1609"]
[BlackElo "1903"]
[PlyCount "77"]
[GameId "2160767911564228"]
[EventDate "2001.07.07"]
[EventType "swiss"]
[EventRounds "10"]
[EventCountry "CAN"]
[SourceTitle "EXT 2006"]
[Source "ChessBase"]
[SourceDate "2005.11.24"]
[SourceVersion "1"]
[SourceVersionDate "2005.11.24"]
[SourceQuality "1"]

1. d4 Nf6 2. Nf3 e6 3. a3 c5 4. e3 d5 5. b3 Nc6 6. Bd3 Qc7 7. O-O Bd6 8. dxc5 Bxc5 9. Bb2 e5 10. Bb5 Bd6 11. Bxc6+ bxc6 12. h3 O-O 13. Nbd2 Re8 14. Re1 Ba6 15. e4 Rab8 16. Rb1 Nd7 17. c4 d4 18. b4 c5 19. b5 Bc8 20. Nb3 Qd8 21. Nc1 Nb6 22. Nd2 Be6 23. Qb3 a6 24. a4 axb5 25. axb5 Ra8 26. Nd3 Bxh3 27. Nf3 Bd7 28. Bc1 f6 29. Kf1 Be6 30. Nd2 Ra4 31. Nb2 Rb4 32. Qc2 Qa8 33. Nd3 Rxb1 34. Qxb1 Nxc4 35. Nxc4 Bxc4 36. Kg1 Qa5 37. Rd1 Rb8 38. Qc2 Qxb5 39. Nb2 0-1

[Event "CAN-op"]
[Site "Sackville CAN"]
[Date "2001.07.12"]
[Round "7"]
[White "Love, Robert"]
[Black "Taylor, David"]
[Result "1-0"]
[WhiteElo "1629"]
[BlackElo "1406"]
[PlyCount "36"]
[GameId "2160767911564229"]
[EventDate "2001.07.07"]
[EventType "swiss"]
[EventRounds "10"]
[EventCountry "CAN"]
[SourceTitle "EXT 2006"]
[Source "ChessBase"]
[SourceDate "2005.11.24"]
[SourceVersion "1"]
[SourceVersionDate "2005.11.24"]
[SourceQuality "1"]

1. d4 g6 2. c4 Bg7 3. Nc3 c5 4. d5 Bxc3+ 5. bxc3 f5 6. Nf3 d6 7. h3 Nf6 8. Bh6 Qa5 9. Qb3 Ne4 10. Rc1 Nd7 11. e3 Nb6 12. Bd3 Bd7 13. O-O Qa4 14. h4 Rg8 15. Bxe4 fxe4 16. Nd2 O-O-O 17. Kh2 e5 18. Nxe4 Qxc4 1-0

[Event "CAN-op"]
[Site "Sackville CAN"]
[Date "2001.07.12"]
[Round "7"]
[White "Mallais, Daniel"]
[Black "Roschman, Paul"]
[Result "1-0"]
[WhiteElo "1939"]
[BlackElo "1625"]
[PlyCount "82"]
[GameId "2160767911564230"]
[EventDate "2001.07.07"]
[EventType "swiss"]
[EventRounds "10"]
[EventCountry "CAN"]
[SourceTitle "EXT 2006"]
[Source "ChessBase"]
[SourceDate "2005.11.24"]
[SourceVersion "1"]
[SourceVersionDate "2005.11.24"]
[SourceQuality "1"]

1. e4 e5 2. Nf3 Nc6 3. Bb5 a6 4. Ba4 Nf6 5. O-O Be7 6. Re1 b5 7. Bb3 d6 8. c3 O-O 9. h3 Na5 10. Bc2 c5 11. d4 Qc7 12. Nbd2 c4 13. Nf1 Re8 14. Ng3 Nc6 15. Be3 Bf8 16. Bg5 Be7 17. Qd2 Kh8 18. Rad1 Ng8 19. Be3 Bf8 20. Ng5 h6 21. Nf3 Nce7 22. Nh4 Ng6 23. Nxg6+ fxg6 24. f4 Be6 25. fxe5 dxe5 26. d5 Rad8 27. Qf2 Qc8 28. dxe6 Qxe6 29. b3 Be7 30. Qf3 Bh4 31. Rxd8 Rxd8 32. Rd1 Re8 33. Nf1 Qe7 34. b4 Qe6 35. Qg4 Qe7 36. Bc5 Qf6 37. Rd6 Bf2+ 38. Kh2 Qf8 39. Qf3 Bxc5 40. bxc5 Nf6 41. Qd1 Nxe4 1-0

[Event "CAN-op"]
[Site "Sackville CAN"]
[Date "2001.07.12"]
[Round "7"]
[White "Mayo, Alvah"]
[Black "Candow, John"]
[Result "1-0"]
[WhiteElo "2204"]
[BlackElo "1714"]
[PlyCount "57"]
[GameId "2160767911564232"]
[EventDate "2001.07.07"]
[EventType "swiss"]
[EventRounds "10"]
[EventCountry "CAN"]
[SourceTitle "EXT 2006"]
[Source "ChessBase"]
[SourceDate "2005.11.24"]
[SourceVersion "1"]
[SourceVersionDate "2005.11.24"]
[SourceQuality "1"]

1. Nf3 f5 2. b3 b6 3. g3 Nf6 4. Bg2 Bb7 5. Bb2 e6 6. O-O Be7 7. c4 O-O 8. Nc3 Qe8 9. e3 Qh5 10. Nd4 Bxg2 11. Qxh5 Nxh5 12. Kxg2 Nf6 13. d3 Na6 14. Rad1 Nc5 15. Nc2 Nb7 16. f3 a6 17. Rfe1 Rae8 18. e4 fxe4 19. dxe4 Rd8 20. Rd2 e5 21. Nd5 Nxd5 22. exd5 d6 23. f4 Bf6 24. fxe5 dxe5 25. Bxe5 Bxe5 26. Rxe5 Rd7 27. Nd4 h6 28. Rde2 Rff7 29. Nc6 1-0

[Event "CAN-op"]
[Site "Sackville CAN"]
[Date "2001.07.12"]
[Round "7"]
[White "Michaud, Gerald"]
[Black "Keep, Richard"]
[Result "1/2-1/2"]
[WhiteElo "2077"]
[BlackElo "1818"]
[PlyCount "90"]
[GameId "2160767911564233"]
[EventDate "2001.07.07"]
[EventType "swiss"]
[EventRounds "10"]
[EventCountry "CAN"]
[SourceTitle "EXT 2006"]
[Source "ChessBase"]
[SourceDate "2005.11.24"]
[SourceVersion "1"]
[SourceVersionDate "2005.11.24"]
[SourceQuality "1"]

1. d4 Nf6 2. e3 e6 3. Bd3 b6 4. Nf3 Bb7 5. Nbd2 c5 6. O-O Be7 7. Qe2 O-O 8. b3 Nc6 9. a3 Ne8 10. Bb2 f5 11. c4 Nf6 12. Rad1 Qe8 13. Nb1 Qh5 14. d5 Nd8 15. Nc3 Nf7 16. Rfe1 e5 17. e4 f4 18. Nd2 Qh6 19. d6 Bxd6 20. Nd5 Bxd5 21. cxd5 Be7 22. Bb5 d6 23. a4 g5 24. f3 Qg6 25. g4 h5 26. h3 Kg7 27. Kg2 Rh8 28. Rh1 Rh7 29. Rdg1 Rah8 30. Qf1 Nh6 31. Qe2 hxg4 32. hxg4 Nhxg4 33. fxg4 Rxh1 34. Rxh1 Rxh1 35. Kxh1 Qh6+ 36. Qh2 Qxh2+ 37. Kxh2 Nxg4+ 38. Kg1 Ne3 39. Nf1 Nxf1 40. Kxf1 g4 41. Bd7 g3 42. Kg2 Kg6 43. Bc3 Bd8 44. b4 Kg5 45. a5 Kf6 1/2-1/2

[Event "CAN-op"]
[Site "Sackville CAN"]
[Date "2001.07.12"]
[Round "7"]
[White "Morabito, Matthew"]
[Black "Kleist, Frederick"]
[Result "0-1"]
[WhiteElo "1915"]
[BlackElo "2170"]
[PlyCount "46"]
[GameId "2160767911564235"]
[EventDate "2001.07.07"]
[EventType "swiss"]
[EventRounds "10"]
[EventCountry "CAN"]
[SourceTitle "EXT 2006"]
[Source "ChessBase"]
[SourceDate "2005.11.24"]
[SourceVersion "1"]
[SourceVersionDate "2005.11.24"]
[SourceQuality "1"]

1. Nf3 d5 2. g3 Nf6 3. Bg2 c6 4. O-O Bf5 5. d3 e6 6. Re1 h6 7. Nbd2 Bh7 8. Nb3 Nbd7 9. Bf4 Be7 10. e4 dxe4 11. dxe4 Bxe4 12. Nbd2 Bh7 13. Nc4 Nb6 14. Qxd8+ Rxd8 15. Nxb6 axb6 16. c3 Nd5 17. Bd2 O-O 18. a3 b5 19. a4 b4 20. a5 bxc3 21. bxc3 Bf6 22. Ra3 Nc7 23. Rb1 Bxb1 0-1